[Event "FIDE World Rapid-ch Open 2018"]
[White "Zakhartsov, Vladimir"]
[Black "Vorotnikov, Vladislav V"]
[Site "St. Petersburg"]
[Round "13.96"]
[Annotator "ChessBase"]
[Result "1-0"]
[Date "2018.12.28"]
[WhiteElo "2486"]
[BlackElo "2417"]
[PlyCount "117"]
[TimeControl "900+10"]

1. c4 {[%emt 0:0:0]} d6 {[%emt 0:0:0]} 2. Nc3 {[%emt 0:0:2]} e5 {[%emt 0:0:0]} 3. d4 {[%emt 0:0:9]} exd4 {[%emt 0:0:5]} 4. Qxd4 {[%emt 0:0:1]} Nc6 {[%emt 0:0:4]} 5. Qd2 {[%emt 0:0:0]} Nf6 {[%emt 0:0:4]} 6. b3 {[%emt 0:0:5]
} a5 {[%emt 0:0:14]} 7. Bb2 {[%emt 0:0:5]} a4 {[%emt 0:0:7]} 8. Nxa4 {[%emt 0:0:49]} d5 {[%emt 0:2:8]} 9. 0-0-0 {[%emt 0:4:2]} dxc4 {[%emt 0:1:51]
} 10. Qxd8+ {[%emt 0:0:46]} Nxd8 {[%emt 0:0:1]} 11. e4 {[%emt 0:0:24]
} cxb3 {[%emt 0:0:48]} 12. axb3 {[%emt 0:0:7]} Be6 {[%emt 0:0:0]} 13. Bxf6 {[%emt 0:0:27]} gxf6 {[%emt 0:0:2]} 14. Kc2 {[%emt 0:0:1]
} Nc6 {[%emt 0:1:1]} 15. Bb5 {[%emt 0:0:2]} Ra5 {[%emt 0:0:58]} 16. Bxc6+ {[%emt 0:0:4]} bxc6 {[%emt 0:0:0]} 17. Ne2 {[%emt 0:0:23]} Bd6 {[%emt 0:0:0]} 18. Nd4 {[%emt 0:0:16]} Bd7 {[%emt 0:2:22]} 19. Nb2 {[%emt 0:0:10]} Ke7 {[%emt 0:0:43]} 20. Ra1 {[%emt 0:0:51]} Rha8 {[%emt 0:0:5]} 21. Rxa5 {[%emt 0:0:13]
} Rxa5 {[%emt 0:0:1]} 22. Rb1 {[%emt 0:0:27]} Be5 {[%emt 0:0:0]} 23. Nf3 {[%emt 0:0:7]} Be6 {[%emt 0:0:39]} 24. Nxe5 {[%emt 0:0:12]} fxe5 {[%emt 0:0:2]} 25. Nd3 {[%emt 0:0:12]} f6 {[%emt 0:0:10]} 26. f3 {[%emt 0:0:20]
} Ra2+ {[%emt 0:0:30]} 27. Rb2 {[%emt 0:0:9]} Ra1 {[%emt 0:0:0]} 28. Nc5 {[%emt 0:0:15]} Kd6 {[%emt 0:1:30]} 29. b4 {[%emt 0:0:30]} Ra3 {[%emt 0:0:44]} 30. Kd1 {[%emt 0:0:26]} Ke7 {[%emt 0:0:20]} 31. Ke2 {[%emt 0:0:11]
} Bc4+ {[%emt 0:0:32]} 32. Kf2 {[%emt 0:0:4]} Ra1 {[%emt 0:0:0]} 33. Rc2 {[%emt 0:0:26]} Bf7 {[%emt 0:0:16]} 34. Nb7 {[%emt 0:0:46]} Be8 {[%emt 0:0:34]} 35. Na5 {[%emt 0:0:24]} Kd6 {[%emt 0:0:5]} 36. Rb2 {[%emt 0:0:52]
} Ke7 {[%emt 0:0:32]} 37. Nb7 {[%emt 0:0:12]} Rc1 {[%emt 0:0:0]} 38. Nc5 {[%emt 0:0:4]} Rc4 {[%emt 0:0:7]} 39. h4 {[%emt 0:0:9]} h6 {[%emt 0:0:10]
} 40. Ke3 {[%emt 0:1:0]} Rc3+ {[%emt 0:0:9]} 41. Kd2 {[%emt 0:0:8]
} Ra3 {[%emt 0:0:2]} 42. Ke2 {[%emt 0:0:4]} Rc3 {[%emt 0:0:0]} 43. Na6 {[%emt 0:0:18]} Kd8 {[%emt 0:0:57]} 44. Rd2+ {[%emt 0:0:15]} Kc8 {[%emt 0:0:27]} 45. Nc5 {[%emt 0:0:1]} Ra3 {[%emt 0:0:14]} 46. Ne6 {[%emt 0:0:14]
} Bd7 {[%emt 0:0:24]} 47. Nf8 {[%emt 0:0:1]} Be8 {[%emt 0:0:0]} 48. Nh7 {[%emt 0:0:2]} Rb3 {[%emt 0:0:13]} 49. Nxf6 {[%emt 0:0:4]} Bf7 {[%emt 0:0:4]} 50. Ng4 {[%emt 0:0:5]} Rxb4 {[%emt 0:0:9]} 51. Nxe5 {[%emt 0:0:11]
} Be8 {[%emt 0:0:4]} 52. Rc2 {[%emt 0:0:13]} Kb7 {[%emt 0:0:0]} 53. Nd3 {[%emt 0:0:3]} Rb5 {[%emt 0:0:6]} 54. g4 {[%emt 0:0:15]} Kb6 {[%emt 0:0:8]} 55. f4 {[%emt 0:0:31]} c5 {[%emt 0:0:2]} 56. f5 {[%emt 0:0:0]} Bf7 {[%emt 0:0:28]} 57. Ne5 {[%emt 0:0:17]} Bb3 {[%emt 0:0:3]} 58. Rc3 {[%emt 0:0:12]} c4 {[%emt 0:0:50]} 59. Nxc4+ {[%emt 0:0:8]} 1-0

[Event "FIDE World Rapid-ch Open 2018"]
[White "Dubrovin, Robert"]
[Black "Apryshko, Gleb"]
[Site "St. Petersburg"]
[Round "13.97"]
[Annotator "NA"]
[Result "0-1"]
[Date "2018.12.28"]
[WhiteElo "2220"]
[BlackElo "2385"]
[PlyCount "98"]
[TimeControl "900+10"]

1. d4 {[%emt 0:0:0]} g6 {[%emt 0:0:0]} 2. c4 {[%emt 0:0:0]} Bg7 {[%emt 0:0:0]} 3. Nc3 {[%emt 0:0:5]} c5 {[%emt 0:0:0]} 4. d5 {[%emt 0:0:7]} Bxc3+ {[%emt 0:0:9]} 5. bxc3 {[%emt 0:0:1]} f5 {[%emt 0:0:7]} 6. g3 {[%emt 0:0:20]
} Qa5 {[%emt 0:1:1]} 7. Qb3 {[%emt 0:0:43]} Nf6 {[%emt 0:0:0]} 8. Nh3 {[%emt 0:0:33]} d6 {[%emt 0:0:26]} 9. Bg2 {[%emt 0:0:9]} Nbd7 {[%emt 0:0:3]
} 10. 0-0 {[%emt 0:1:16]} Nb6 {[%emt 0:0:2]} 11. a4 {[%emt 0:0:0]} Qa6 {[%emt 0:0:37]} 12. Nf4 {[%emt 0:4:1]} Nxc4 {[%emt 0:2:42]} 13. Rd1 {[%emt 0:1:48]} Na5 {[%emt 0:0:20]} 14. Qc2 {[%emt 0:0:22]} Qc4 {[%emt 0:0:11]
} 15. Ra3 {[%emt 0:1:22]} Qa6 {[%emt 0:0:26]} 16. h4 {[%emt 0:0:0]} Bd7 {[%emt 0:0:16]} 17. Bf1 {[%emt 0:0:48]} Nc4 {[%emt 0:3:47]} 18. Ra2 {[%emt 0:0:2]} Ne5 {[%emt 0:0:1]} 19. e4 {[%emt 0:1:4]} c4 {[%emt 0:0:0]} 20. Ne6 {[%emt 0:0:54]} Bxe6 {[%emt 0:0:11]} 21. dxe6 {[%emt 0:0:1]
} fxe4 {[%emt 0:0:6]} 22. Bg5 {[%emt 0:0:24]} Nd3 {[%emt 0:0:5]} 23. Qe2 {[%emt 0:0:14]
} d5 {[%emt 0:0:1]} 24. Bh3 {[%emt 0:0:6]} Rf8 {[%emt 0:0:0]} 25. Bh6 {[%emt 0:0:10]} 0-0-0 {[%emt 0:0:2]} 26. Bxf8 {[%emt 0:0:11]} Rxf8 {[%emt 0:0:1]} 27. Qe3 {[%emt 0:0:4]} Kb8 {[%emt 0:1:25]} 28. Rb1 {[%emt 0:0:10]
} Rc8 {[%emt 0:0:30]} 29. Qd4 {[%emt 0:0:10]} Rc5 {[%emt 0:0:0]} 30. Bf1 {[%emt 0:1:24]} Ra5 {[%emt 0:0:12]} 31. Bxd3 {[%emt 0:0:31]} cxd3 {[%emt 0:0:2]} 32. Rb4 {[%emt 0:0:7]} Qxe6 {[%emt 0:1:5]} 33. Rab2 {[%emt 0:0:5]
} Qd6 {[%emt 0:2:29]} 34. Rxb7+ {[%emt 0:0:4]} Kc8 {[%emt 0:0:0]} 35. Rxa7 {[%emt 0:0:55]} e5 {[%emt 0:0:10]} 36. Qe3 {[%emt 0:0:26]} d4 {[%emt 0:0:21]} 37. cxd4 {[%emt 0:0:0]} Rxa7 {[%emt 0:0:1]} 38. dxe5 Qxe5 39. Rb5 {[%emt 0:0:55]} Qe7 {[%emt 0:0:27]} 40. Qb6 {[%emt 0:0:14]} Rc7 {[%emt 0:0:1]} 41. Rb2 {[%emt 0:0:31]} Qe5 {[%emt 0:0:31]} 42. a5 {[%emt 0:0:0]} e3 {[%emt 0:0:9]} 43. a6 {[%emt 0:0:13]} Qxb2 {[%emt 0:1:8]} 44. Qxb2 d2 45. a7 {[%emt 0:0:21]} d1=Q+ {[%emt 0:0:6]} 46. Kg2 {[%emt 0:0:1]} Qd5+ {[%emt 0:0:12]} 47. Kh2 {[%emt 0:0:1]} Ng4+ {[%emt 0:0:4]} 48. Kh3 {[%emt 0:0:1]
} Nxf2+ {[%emt 0:0:6]} 49. Kh2 {[%emt 0:0:1]} Qh1# {[%emt 0:0:0]} 0-1

[Event "FIDE World Rapid-ch Open 2018"]
[White "Perdomo, Carlos Andres"]
[Black "khayat, Abdullah F"]
[Site "St. Petersburg"]
[Round "13.98"]
[Annotator "NA"]
[Result "1-0"]
[Date "2018.12.28"]
[WhiteElo "2301"]
[BlackElo "1723"]
[PlyCount "67"]
[TimeControl "900+10"]

1. c4 {[%emt 0:0:0]} e5 {[%emt 0:1:4]} 2. Nc3 {[%emt 0:0:0]} d6 {[%emt 0:0:0]} 3. g3 {[%emt 0:0:7]} Be7 {[%emt 0:0:4]} 4. Bg2 {[%emt 0:0:2]} Nf6 {[%emt 0:0:4]} 5. e3 {[%emt 0:0:6]} c6 {[%emt 0:0:7]} 6. d4 {[%emt 0:0:0]} 0-0 {[%emt 0:0:12]} 7. Nge2 {[%emt 0:0:1]} Bf5 {[%emt 0:0:19]} 8. 0-0 {[%emt 0:0:32]} h6 {[%emt 0:0:8]} 9. e4 {[%emt 0:0:29]} Bh7 {[%emt 0:0:9]
} 10. f4 {[%emt 0:0:25]} exf4 {[%emt 0:0:21]} 11. gxf4 {[%emt 0:0:41]} Nbd7 {[%emt 0:0:36]} 12. Ng3 {[%emt 0:0:17]} Qb6 {[%emt 0:0:45]} 13. Kh1 {[%emt 0:0:44]
} a5 {[%emt 0:0:26]} 14. e5 {[%emt 0:0:12]} Ne8 {[%emt 0:0:44]
} 15. exd6 {[%emt 0:0:8]} Bh4 {[%emt 0:0:44]} 16. c5 {[%emt 0:0:13]} Qd8 {[%emt 0:0:27]
} 17. Qg4 {[%emt 0:0:19]} Bxg3 {[%emt 0:0:24]} 18. Qxg3 {[%emt 0:0:21]
} f5 {[%emt 0:0:6]} 19. Be3 {[%emt 0:0:34]} Nef6 {[%emt 0:0:0]} 20. d5 {[%emt 0:0:23]} cxd5 {[%emt 0:0:17]} 21. Nxd5 {[%emt 0:0:2]} Nxd5 {[%emt 0:0:21]} 22. Bxd5+ {[%emt 0:0:2]} Kh8 {[%emt 0:0:1]} 23. Rg1 {[%emt 0:1:17]
} Qf6 {[%emt 0:0:18]} 24. Rad1 {[%emt 0:0:3]} Bg8 {[%emt 0:0:0]} 25. Bxb7 {[%emt 0:1:3]} Rab8 {[%emt 0:2:13]} 26. Bd4 {[%emt 0:0:33]} Qf7 {[%emt 0:4:55]} 27. Qxg7+ {[%emt 0:1:43]} Qxg7 {[%emt 0:0:3]} 28. Bxg7+ {[%emt 0:0:4]} Kh7 {[%emt 0:0:1]} 29. c6 {[%emt 0:0:48]} Nc5 {[%emt 0:0:0]} 30. Be5 {[%emt 0:1:18]} Rf7 {[%emt 0:0:43]} 31. c7 {[%emt 0:0:17]} Re8 {[%emt 0:0:35]} 32. c8=Q {[%emt 0:0:14]} Rxc8 {[%emt 0:0:6]} 33. Bxc8 {[%emt 0:0:2]
} Ne4 {[%emt 0:0:7]} 34. d7 {[%emt 0:0:49]} 1-0

[Event "FIDE World Rapid-ch Open 2018"]
[White "Mamatov, Melis"]
[Black "Alsulaymi, Abdullah M"]
[Site "St. Petersburg"]
[Round "13.99"]
[Annotator "NA"]
[Result "1-0"]
[Date "2018.12.28"]
[WhiteElo "2223"]
[BlackElo "1833"]
[PlyCount "71"]
[TimeControl "900+10"]

1. e4 {[%emt 0:0:0]} e5 {[%emt 0:0:0]} 2. Nf3 {[%emt 0:0:10]} Nf6 {[%emt 0:0:10]
} 3. Nc3 {[%emt 0:0:11]} Nc6 {[%emt 0:0:0]} 4. d3 {[%emt 0:0:0]} d6 {[%emt 0:0:0]} 5. Be3 {[%emt 0:0:21]} Be7 {[%emt 0:0:4]} 6. Be2 {[%emt 0:0:17]
} 0-0 {[%emt 0:0:9]} 7. d4 {[%emt 0:0:17]} Ng4 {[%emt 0:0:46]
} 8. Nd5 {[%emt 0:0:47]} Nxe3 {[%emt 0:0:11]} 9. fxe3 {[%emt 0:0:18]} f5 {[%emt 0:0:50]
} 10. Bd3 {[%emt 0:1:1]} exd4 {[%emt 0:0:29]} 11. exd4 {[%emt 0:0:22]
} Be6 {[%emt 0:0:25]} 12. Nf4 {[%emt 0:2:22]} Bd7 {[%emt 0:0:0]} 13. exf5 {[%emt 0:0:52]} Bxf5 {[%emt 0:0:14]} 14. Bxf5 {[%emt 0:0:13]} Rxf5 {[%emt 0:0:6]} 15. Ne6 {[%emt 0:0:5]} Qd7 {[%emt 0:0:25]} 16. d5 {[%emt 0:4:2]
} Nb4 {[%emt 0:3:11]} 17. c4 {[%emt 0:0:22]} c6 {[%emt 0:0:22]
} 18. Ned4 {[%emt 0:0:33]} Rh5 {[%emt 0:3:40]} 19. Qd2 {[%emt 0:0:51]} Na6 {[%emt 0:1:6]
} 20. dxc6 {[%emt 0:0:19]} bxc6 {[%emt 0:0:8]} 21. 0-0 {[%emt 0:0:1]
} d5 {[%emt 0:0:55]} 22. Qe2 {[%emt 0:1:47]} Nc7 {[%emt 0:0:0]} 23. Ne5 {[%emt 0:0:11]} Qe8 {[%emt 0:0:25]} 24. Nexc6 {[%emt 0:2:24]} Bd6 {[%emt 0:0:15]} 25. Qxe8+ {[%emt 0:0:36]} Rxe8 {[%emt 0:0:3]} 26. Nf3 {[%emt 0:0:11]
} dxc4 {[%emt 0:0:12]} 27. Rac1 {[%emt 0:0:11]} Nd5 {[%emt 0:0:0]} 28. Rfe1 {[%emt 0:0:16]} Rxe1+ {[%emt 0:0:52]} 29. Rxe1 {[%emt 0:0:0]} Bc5+ {[%emt 0:0:18]} 30. Kh1 {[%emt 0:0:1]} Ne3 {[%emt 0:0:7]} 31. Nce5 {[%emt 0:0:18]} g5 {[%emt 0:0:26]} 32. Nd7 {[%emt 0:0:10]} g4 {[%emt 0:0:0]} 33. Nf6+ {[%emt 0:0:1]} Kf7 {[%emt 0:0:4]} 34. Nxh5 {[%emt 0:0:2]
} gxf3 {[%emt 0:0:1]} 35. gxf3 {[%emt 0:0:0]} Nd5 {[%emt 0:0:9]} 36. Re5 {[%emt 0:0:7]} 1-0

[Event "FIDE World Rapid-ch Open 2018"]
[White "Ahmed Hassan Abdillahi"]
[Black "Al Turky, Fahad A"]
[Site "St. Petersburg"]
[Round "13.100"]
[Annotator "NA"]
[Result "1-0"]
[Date "2018.12.28"]
[WhiteElo "1570"]
[BlackElo "1836"]
[PlyCount "92"]
[TimeControl "900+10"]

1. d4 {[%emt 0:0:0]} d5 {[%emt 0:0:0]} 2. c4 {[%emt 0:0:0]} c6 {[%emt 0:0:0]} 3. Nf3 {[%emt 0:0:0]} Nf6 {[%emt 0:0:0]} 4. Bg5 {[%emt 0:0:7]} e6 {[%emt 0:0:13]} 5. a3 {[%emt 0:0:3]} Bd6 {[%emt 0:0:12]} 6. Nc3 {[%emt 0:0:0]} Nbd7 {[%emt 0:0:49]} 7. e4 {[%emt 0:0:4]} dxe4 {[%emt 0:0:7]} 8. Nxe4 {[%emt 0:0:4]} Be7 {[%emt 0:0:1]} 9. Bxf6 {[%emt 0:0:52]} Nxf6 {[%emt 0:0:8]
} 10. Bd3 {[%emt 0:0:15]} 0-0 {[%emt 0:0:46]} 11. 0-0 {[%emt 0:0:0]} Qb6 {[%emt 0:2:5]} 12. Nfg5 {[%emt 0:0:21]} h6 {[%emt 0:4:37]} 13. Nxf6+ {[%emt 0:1:26]} Bxf6 {[%emt 0:0:3]} 14. Nh7 {[%emt 0:0:16]} Qxd4 {[%emt 0:2:16]
} 15. Nxf8 {[%emt 0:0:20]} Kxf8 {[%emt 0:0:1]} 16. Qf3 {[%emt 0:0:17]
} e5 {[%emt 0:1:4]} 17. Rab1 Be6 {[%emt 0:0:33]} 18. b3 {[%emt 0:1:3]
} Be7 {[%emt 0:0:44]} 19. a4 {[%emt 0:0:36]} Rd8 {[%emt 0:0:0]} 20. Bf5 {[%emt 0:0:9]} Bxf5 {[%emt 0:0:33]} 21. Qxf5 {[%emt 0:0:16]} Kg8 {[%emt 0:0:30]} 22. Qh5 {[%emt 0:0:28]} Qf4 {[%emt 0:1:42]} 23. Rbd1 {[%emt 0:0:9]
} Rd4 {[%emt 0:0:12]} 24. Rfe1 {[%emt 0:0:51]} Bc5 {[%emt 0:0:0]} 25. g3 {[%emt 0:0:48]} Qf6 {[%emt 0:0:13]} 26. Rxd4 {[%emt 0:0:39]} Bxd4 {[%emt 0:0:4]} 27. Qe2 {[%emt 0:0:4]} Qf5 {[%emt 0:0:9]} 28. Kg2 {[%emt 0:0:13]
} f6 {[%emt 0:0:8]} 29. Qf3 {[%emt 0:0:26]} Qc2 {[%emt 0:0:0]} 30. Re2 {[%emt 0:0:9]} Qd1 {[%emt 0:0:9]} 31. a5 {[%emt 0:0:20]} a6 {[%emt 0:0:3]
} 32. Re4 {[%emt 0:0:23]} Qb1 {[%emt 0:0:5]} 33. Rg4 {[%emt 0:0:0]} Kf7 {[%emt 0:0:17]} 34. Qe4 {[%emt 0:0:12]} Qb2 {[%emt 0:0:20]} 35. Qg6+ {[%emt 0:0:12]} Ke6 {[%emt 0:0:8]} 36. Rxd4 {[%emt 0:0:18]} exd4 {[%emt 0:0:20]
} 37. Qxg7 {[%emt 0:0:3]} d3 {[%emt 0:0:30]} 38. Qg4+ {[%emt 0:0:19]
} Kd6 {[%emt 0:0:12]} 39. Qf4+ {[%emt 0:0:46]} Kc5 {[%emt 0:0:0]} 40. Qf5+ {[%emt 0:0:5]} Kb4 {[%emt 0:0:12]} 41. Qxd3 {[%emt 0:0:5]} Qxb3 {[%emt 0:0:1]} 42. Qd6+ {[%emt 0:0:23]} Kxc4 {[%emt 0:0:6]} 43. Qxf6 {[%emt 0:0:6]} Qc3 {[%emt 0:0:17]} 44. Qf7+ {[%emt 0:0:9] Kd5  Qh5+  Kc4  f4  Qf6 
Qe2+  Kd5  Qd3+  Qd4 
Qxd4+ } Kd4 {[%emt 0:0:1] Kf3  c5 
f5  Ke5 } 45. g4 {[%emt 0:0:0]} h5 {[%emt 0:0:0]} 46. h3 {[%emt 0:0:2] Kd5  Ke3  c4  g5 } Ke5 {[%emt 0:0:11] f6  Ke6  Kd4  Kd5+ Ke4+} 1-0